=LDR 00000nam 2200000 4500 =001 NUTBA000000000004433 =005 20230202012656 =035 ##$$a 0010-091400000000466 =008 230202###########################0###### =020 ##$$a 979-518-831-3 =082 ##$$a 755 =100 ##$$a Munandar, Utami =245 1#$$a Pengembangan kreativitas anak berbakat /$c Utami Munandar =260 ##$$a Jakarta :$b Rineka Cipta,$c 2004 =850 ##$$aNBPNMAT =084 ##$$a 755 MUN p =300 ##$$a vii, 286 hlm. ; $c 23,5 x 16 cm